Sports Quiz

Random Sports or MLB Quiz

Toronto Blue Jays Opening Day Starting Pitchers Quiz Stats

 Plays Quiz Updated Mar 30, 2018

Score 0/42 Timer 07:00
1 Play Today
Year Pitcher % Correct
2003Roy Halladay
88.1%
2004Roy Halladay
88.1%
2005Roy Halladay
88.1%
2006Roy Halladay
88.1%
2007Roy Halladay
88.1%
2008Roy Halladay
88.1%
2009Roy Halladay
88.1%
1998Roger Clemens
71.3%
2016Marcus Stroman
67.7%
1983Dave Stieb
67.6%
1985Dave Stieb
67.6%
1986Dave Stieb
67.6%
1991Dave Stieb
67.6%
2018J.A. Happ
62.8%
2013RA Dickey
58.1%
2014RA Dickey
58.1%
2000David Wells
53.1%
1987Jimmy Key
52.3%
1988Jimmy Key
52.3%
1989Jimmy Key
52.3%
2017Marco Estrada
51%
Year Pitcher % Correct
1997Pat Hentgen
49.2%
1999Pat Hentgen
49.2%
1992Jack Morris
47.6%
1993Jack Morris
47.6%
1995David Cone
47.2%
1994Juan Guzman
38.1%
2011Ricky Romero
31.3%
2012Ricky Romero
31.3%
2002Chris Carpenter
26.9%
1981Jim Clancy
24.5%
1984Jim Clancy
24.5%
1990Todd Stottlemyre
19.7%
2015Drew Hutchison
18.5%
2010Shaun Marcum
17.7%
2001Esteban Loaiza
13.9%
1977Bill Singer
9.8%
1996Erik Hanson
9.3%
1978Dave Lemanczyk
8.9%
1980Dave Lemanczyk
8.9%
1979Tom Underwood
7.1%
1982Mark Bomback
4.7%

You're not logged in!

Compare scores with friends on all Sporcle quizzes.
Join for Free
OR
Log In

Show Comments

Extras

Top Quizzes Today


Score Distribution

Your Account Isn't Verified!

In order to create a playlist on Sporcle, you need to verify the email address you used during registration. Go to your Sporcle Settings to finish the process.

Report this User

Report this user for behavior that violates our Community Guidelines.

Details: